000 00612nam a2200217Ia 4500
001 40012
008 140423s9999 xx 000 0 und d
020 _a9788131725535
040 _cPK-LaUMT
082 _a 657.42
_bHOR-C
100 _aData, Srikant M.
245 _aCost accounting
_ba managerial emphasis
_cData, Srikant M.<>Foster, George<>Horngren, Charles T.<>Ittner, Christopher
250 _a12th
260 _aNew Delhi,India:
_bPearson,
_c2009
300 _a896 p.
546 _aEN
700 _aFoster, George
700 _aHorngren, Charles T.
700 _aIttner, Christopher
942 _cBK
999 _c39313
_d39313